Je středověk moderní? : umění, avantgardy a -ismy

Saved in:
Bibliographic Details
Other Authors Foletti, Ivan, 1980- (Editor), Jůzlová, Kateřina (Editor, Translator), Foletti, Karolina, 1985- (Editor), Urbanová, Zuzana (Translator)
Format Book
LanguageCzech
Published Brno : Masarykova univerzita, 2025
EditionVydání první
SeriesParva convivia²
Subjects
ISBN978-80-280-0809-3
Physical Description211 stran : ilustrace (převážně barevné) ; 22 x 24 cm

Cover

LEADER 00000nam a2200000 i 4500
001 115454
003 CZ-ZlUTB
005 20260429082904.0
007 ta
008 260204s2025 xr a f 001 0 cze
015 |a cnb003739233 
020 |a 978-80-280-0809-3  |q (brožováno) 
040 |a BOA001  |b cze  |d ABA001  |e rda 
041 1 |a cze  |b eng  |h eng  |h slo 
043 |a e------ 
045 |a x-x- 
072 7 |a 72/76  |x Výtvarné umění  |2 Konspekt  |9 21 
080 |a 7.033  |2 MRF 
080 |a 7.036/.038  |2 MRF 
080 |a 72.033  |2 MRF 
080 |a 72.036/.038  |2 MRF 
080 |a 7.011:316.72/.75  |2 MRF 
080 |a (4)  |2 MRF 
080 |a (048.8:082)  |2 MRF 
245 0 0 |a Je středověk moderní? :  |b umění, avantgardy a -ismy /  |c Ivan Foletti, Kateřina Jůzlová, Karolina Foletti (edd.) ; překlady z angličtina a slovenštiny zajistily Kateřina Jůzlová a Zuzana Urbanová 
250 |a Vydání první 
264 1 |a Brno :  |b Masarykova univerzita,  |c 2025 
300 |a 211 stran :  |b ilustrace (převážně barevné) ;  |c 22 x 24 cm 
336 |a text  |b txt  |2 rdacontent 
336 |a statický obraz  |b sti  |2 rdacontent 
337 |a bez média  |b n  |2 rdamedia 
338 |a svazek  |b nc  |2 rdacarrier 
490 1 |a Parva convivia² ;  |v svazek 5 
500 |a Tisková chyba v údajích o překladu, správně má být: překlady z angličtiny a slovenštiny zajistily Kateřina Jůzlová a Zuzana Urbanová 
504 |a Obsahuje bibliografické odkazy a rejstříky 
546 |a Anglické resumé 
648 7 |a 20. století  |7 ch460558  |2 czenas 
650 0 7 |a středověké umění  |7 ph126240  |z Evropa  |2 czenas 
650 0 7 |a moderní umění  |7 ph115340  |z Evropa  |y 20. století  |2 czenas 
650 0 7 |a středověká architektura  |7 ph126227  |z Evropa  |2 czenas 
650 0 7 |a moderní architektura  |7 ph115339  |z Evropa  |y 20. století  |2 czenas 
650 0 7 |a modernismus (umění)  |7 ph122936  |2 czenas 
650 0 7 |a umění a společnost  |7 ph126924  |z Evropa  |y 20. století  |2 czenas 
650 0 9 |a medieval art  |z Europe  |2 eczenas 
650 0 9 |a modern art  |z Europe  |y 20th century  |2 eczenas 
650 0 9 |a medieval architecture  |z Europe  |2 eczenas 
650 0 9 |a modern architecture  |z Europe  |y 20th century  |2 eczenas 
650 0 9 |a modernism (art)  |2 eczenas 
650 0 9 |a art and society  |z Europe  |y 20th century  |2 eczenas 
655 7 |a kolektivní monografie  |7 fd501537  |2 czenas 
655 9 |a collective monographs  |2 eczenas 
700 1 |a Foletti, Ivan,  |d 1980-  |7 mzk2010595361  |4 edt 
700 1 |a Jůzlová, Kateřina  |4 edt  |4 trl 
700 1 |a Foletti, Karolina,  |d 1985-  |7 ola20201087476  |4 edt 
700 1 |a Urbanová, Zuzana  |7 ola20231177936  |4 trl 
710 2 |a Masarykova univerzita  |7 kn20010709056  |4 pbl 
830 0 |a Parva convivia² 
910 |a ZLD002 
942 |2 udc 
952 |0 0  |1 0  |4 0  |6 7276JE  |7 0  |8 BOOK  |9 190662  |a UTBZL  |b UTBZL  |c 005  |d 2026-04-07  |l 0  |o 72/76/JE  |p 420010201933  |r 2026-04-07 15:00:07  |v 354.00  |w 2026-04-07  |x N:nákup  |y 01 
992 |a BK  |b SK 
999 |c 115454  |d 115454